| Record ID | ia:freeusersupporte0000lope |
| Source | Internet Archive |
| Download MARC XML | https://archive.org/download/freeusersupporte0000lope/freeusersupporte0000lope_marc.xml |
| Download MARC binary | https://www.archive.org/download/freeusersupporte0000lope/freeusersupporte0000lope_meta.mrc |
LEADER: 02676cam 2200601 a 4500
001 ocm21080432
003 OCoLC
005 20200115000410.0
008 891205s1990 ncua b 001 0 eng
010 $a 89043656
040 $aDLC$beng$cDLC$dAGL$dUKM$dMUQ$dBTCTA$dYDXCP$dOCLCG$dGBVCP$dOCLCO$dNLE$dOCLCO$dOCLCQ$dSOI$dOCLCQ$dOCLCF$dCEF$dTKN$dHCO$dFML$dOCLCQ
015 $aGB9025367$2bnb
019 $a22766108$a877716228
020 $a089950499X$q(softcover ;$qalk. paper)
020 $a9780899504995$q(softcover ;$qalk. paper)
035 $a(OCoLC)21080432$z(OCoLC)22766108$z(OCoLC)877716228
050 00 $aZ692.C65$bL67 1990
070 0 $aZ692.C65L64
072 0 $aX200
082 00 $a025.3/44$220
100 1 $aLo pez, Victor D.,$d1958-
245 10 $aFree and user supported software for the IBM PC :$ba resource guide for libraries and individuals /$cby Victor D. Lo pez and Kenneth J. Ansley.
260 $aJefferson, N.C. :$bMcFarland,$c℗♭1990.
300 $avii, 216 pages :$billustrations ;$c23 cm
336 $atext$btxt$2rdacontent
337 $aunmediated$bn$2rdamedia
338 $avolume$bnc$2rdacarrier
504 $aIncludes bibliographical references and index.
505 0 $aWord processing programs and writers tools -- Spreadsheet programs -- Database management programs -- Communications programs -- Financial programs -- Utility programs -- Games.
650 0 $aLibraries$xSpecial collections$xComputer software.
650 0 $aIBM Personal Computer$xProgramming.
650 0 $aAcquisition of computer software.
650 0 $aComputer software$xEvaluation.
650 6 $aBibliothe ques$xFonds spe ciaux$xLogiciels.
650 6 $aIBM-PC (Ordinateur)$xProgrammation.
650 6 $aAcquisitions (Bibliothe ques)$xLogiciels.
650 6 $aLogiciels$xE valuation.
650 7 $aAcquisition of computer software.$2fast$0(OCoLC)fst00795985
650 7 $aComputer software$xEvaluation.$2fast$0(OCoLC)fst00872563
650 7 $aIBM Personal Computer$xProgramming.$2fast$0(OCoLC)fst00966259
653 $aIBM PC microcomputer systems$aSoftware packages
700 1 $aAnsley, Kenneth J.,$d1958-
776 08 $iOnline version:$aLo pez, Victor D., 1958-$tFree and user supported software for the IBM PC.$dJefferson, N.C. : McFarland, ℗♭1990$w(OCoLC)607869858
938 $aBaker and Taylor$bBTCP$n89043656 //r95
938 $aYBP Library Services$bYANK$n1037272
029 1 $aAU@$b000007044490
029 1 $aAU@$b000026546892
029 1 $aGBVCP$b018977316
029 1 $aNZ1$b12222277
029 1 $aNZ1$b237768
029 1 $aNZ1$b2983175
994 $aZ0$bP4A
948 $hNO HOLDINGS IN P4A - 214 OTHER HOLDINGS